000 00806nam a2200217Ii 4500
003 JO-AjNU
008 230605s9999||||xx |||||||||||||| ||und||
017 _a1988/5/255
040 _aJO-AjNU
_bara
_erda
_cJO-AjNU
041 _aara
050 1 4 _aDS308.85.M8588 1988
100 3 _aمومني، محمد احمد عفلة,
_eauthor
_947270
245 0 0 _aالحرب العراقية الإيرانية: دراسة في الجغرافية السياسية
264 3 1 _aعمان: المؤلف، 1988
300 _a196ص
_bخرائط توضيحية
336 _atext
_btxt
_2rdacontent
337 _aunmediated
_bn
_2rdamedia
338 _avolume
_bnc
_2rdacarrier
490 0 _aدراسات مستقبلية؛ 3
650 4 _aالحرب العراقية الايرانية 1980-1988 - تاريخ
_947271
999 _aA20623
_c24191
_d24191